NFL Awards Quiz - Statistics

General Stats
  • This quiz has been taken 1,571 times
    1,461 since last reset
  • The average score is 121 of 402
Answer Stats
Year MVP % Correct
2001 | 2003 | 2007 | +5 others Tom Brady
96%
2018 | 2019 Patrick Mahomes
94%
2010 | 2011 | 2014 | +2 others Aaron Rodgers
92%
2019 Lamar Jackson
89%
1981 George Rogers
88%
2002 Dexter Jackson
86%
2007 | 2011 Eli Manning
81%
2003 | 2004 | 2006 | +3 others Peyton Manning
81%
2012 | 2014 | 2015 J.J. Watt
69%
2021 T.J. Watt
69%
1993 Emmitt Smith
66%
2008 | 2016 Matt Ryan
66%
1990 | 1996 Bruce Smith
65%
2005 Lovie Smith
65%
2013 Malcolm Smith
65%
2008 Mike Smith
65%
2007 | 2012 Adrian Peterson
64%
2011 | 2015 Cam Newton
64%
2015 Marcus Peters
64%
2021 Cooper Kupp
63%
1957 | 1958 | 1965 Jim Brown
61%
2008 | 2009 | 2011 Drew Brees
60%
1985 Eddie Brown
60%
1972 | 1995 Larry Brown
60%
1970 Paul Brown
60%
2014 | 2017 | 2018 | 2020 Aaron Donald
59%
1981 | 1982 | 1986 Lawrence Taylor
58%
1981 | 1984 | 1989 | 1990 Joe Montana
57%
2009 Chris Johnson
56%
2006 Jason Taylor
56%
1990 Jimmy Johnson
56%
1962 Jim Taylor
56%
1992 | 1994 Steve Young
56%
1989 | 1994 | 1997 Barry Sanders
55%
1994 Deion Sanders
55%
2007 Bob Sanders
54%
2020 Chase Young
54%
2006 LaDainian Tomlinson
54%
2006 Vince Young
54%
1995 | 1996 | 1997 Brett Favre
52%
1987 | 1988 | 1993 Jerry Rice
51%
1976 Bert Jones
50%
1996 Simeon Rice
49%
2006 Ladainian Tomlinson
48%
2002 Andy Reid
47%
2001 Anthony Thomas
47%
1989 Derrick Thomas
47%
2021 Ja'Marr Chase
47%
2019 Michael Thomas
47%
1975 Mike Thomas
47%
2000 | 2003 Ray Lewis
47%
1991 Thurman Thomas
47%
1984 Dan Marino
46%
2003 Jamal Lewis
46%
2009 Marvin Lewis
46%
2020 Derrick Henry
45%
1982 | 1983 | 1985 Marcus Allen
45%
1987 | 1998 John Elway
44%
1999 | 2001 Kurt Warner
42%
2006 Sean Payton
42%
1977 Walter Payton
42%
2011 | 2015 Von Miller
41%
2004 Ben Roethlisberger
39%
1998 Randy Moss
39%
2005 Shaun Alexander
39%
2017 Nick Foles
38%
1977 Randy White
38%
1987 | 1998 Reggie White
38%
1976 Sammy White
38%
2003 | 2007 | 2010 Bill Belichick
37%
1994 | 1999 | 2000 | 2001 Marshall Faulk
37%
1966 | 1967 Bart Starr
36%
1972 | 1974 Franco Harris
36%
2018 Julian Edelman
36%
1978 | 1979 Terry Bradshaw
36%
2020 Justin Herbert
35%
2016 Jason Garrett
34%
1996 | 1997 | 1998 Terrell Davis
34%
1992 Troy Aikman
34%
2004 Ed Reed
33%
1969 | 1972 | 1974 Joe Greene
33%
2019 Stephon Gilmore
33%
2016 Joey Bosa
32%
2019 Nick Bosa
32%
2012 Joe Flacco
31%
1959 | 1964 | 1967 Johnny Unitas
31%
2019 Kyler Murray
31%
1969 Calvin Hill
30%
2014 DeMarco Murray
30%
1973 O.J. Simpson
30%
2005 Cadillac Williams
29%
1987 Doug Williams
29%
2018 Saquon Barkley
28%
1968 Joe Namath
27%
1983 | 1986 Eric Dickerson
26%
2021 Micah Parsons
26%
2002 Rich Gannon
26%
2003 Steve McNair
26%
2015 | 2017 Todd Gurley
26%
1974 Don Woods
24%
1971 Roger Staubach
24%
2016 Dak Prescott
23%
1978 | 1979 Earl Campbell
23%
2002 Priest Holmes
23%
2008 Santonio Holmes
23%
1973 Dick Anderson
22%
1975 Fran Tarkenton
22%
1981 Ken Anderson
22%
2000 Mike Anderson
22%
1979 | 1990 Ottis Anderson
22%
1998 | 2009 Charles Woodson
21%
1983 Joe Theismann
21%
2016 Khalil Mack
21%
2014 Odell Beckham Jr.
21%
1993 Rod Woodson
21%
2010 Troy Polamalu
21%
2017 Alvin Kamara
20%
1999 Edgerrin James
19%
2012 | 2013 Luke Kuechly
19%
2005 Hines Ward
18%
2011 Jim Harbaugh
18%
2019 John Harbaugh
18%
2017 Sean McVay
18%
1971 Alan Page
17%
1988 Boomer Esiason
17%
1986 Phil Simms
17%
1990 Warren Moon
17%
2001 Michael Strahan
16%
2012 Robert Griffin III
16%
1993 Jerome Bettis
15%
1974 Ken Stabler
15%
1969 Len Dawson
14%
2003 | 2011 Terrell Suggs
14%
1977 Harvey Martin
13%
1967 Mel Farr
13%
1985 | 1988 Mike Singletary
13%
1999 Warren Sapp
13%
1982 Dan Fouts
12%
1996 Eddie George
12%
2020 Kevin Stefanski
12%
1975 Lynn Swann
12%
1980 Brian Sipe
11%
1964 | 1967 | 1968 | 1972 Don Shula
11%
1973 Larry Csonka
11%
1982 Mark Moseley
11%
1966 Tom Landry
11%
2002 Derrick Brooks
10%
1974 | 1976 Jack Lambert
10%
1975 Mel Blount
10%
1985 | 1988 Mike Ditka
10%
2021 Mike Vrabel
10%
1977 Tony Dorsett
10%
1959 Vince Lombardi
10%
1986 | 1994 Bill Parcells
9%
2004 Deion Branch
9%
1996 Desmond Howard
9%
2007 Patrick Willis
9%
2013 | 2015 Ron Rivera
9%
2010 Sam Bradford
9%
1963 Y.A. Tittle
9%
1980 Jim Plunkett
8%
1982 John Riggins
8%
2002 Julius Peppers
8%
1961 Paul Hornung
8%
1981 Bill Walsh
7%
1968 Earl Morrall
7%
2013 Eddie Lacy
7%
1991 Mark Rypien
7%
2010 Ndamukong Suh
7%
1960 Norm Van Brocklin
7%
1985 Richard Dent
7%
1988 Roger Craig
7%
1969 Roman Gabriel
7%
2012 | 2014 Bruce Arians
6%
2002 Clinton Portis
6%
2018 Darius Leonard
6%
1970 John Brodie
6%
1992 Bill Cowher
5%
1982 | 1983 Joe Gibbs
5%
2018 Matt Nagy
5%
1970 Chuck Howley
4%
1976 Fred Biletnikoff
4%
1991 Leonard Russell
4%
1980 Lester Hayes
4%
2009 Percy Harvin
4%
1995 Bryce Paup
3%
1969 Bud Grant
3%
1992 Cortez Kennedy
3%
1993 | 1998 Dan Reeves
3%
1999 Dick Vermeil
3%
1963 | 1965 George Halas
3%
1972 Jake Scott
3%
2004 Marty Schottenheimer
3%
1997 Warrick Dunn
3%
1992 Carl Pickens
2%
1973 Chuck Foreman
2%
1973 | 1980 | 1984 Chuck Knox
2%
1993 | 1997 Dana Stubblefield
2%
1988 John Stephens
2%
1989 Keith Millard
2%
1979 Lee Roy Selmon
2%
2017 Marshon Lattimore
2%
1976 Mike Haynes
2%
1991 Pat Swilling
2%
2006 DeMeco Ryans
1%
1970 Dennis Shaw
1%
1983 Doug Betters
1%
1968 Earl McCullouch
1%
1976 Forrest Gregg
1%
2008 Jerod Mayo
1%
1979 Jim Haslett
1%
1984 Kenny Easley
1%
1986 Leslie O'Neal
1%
1984 Louis Lipps
1%
1978 Randy Gradishar
1%
1986 Rueben Mayes
1%
1958 Weeb Ewbank
1%
1977 A.J. Duhe
0%
1978 Al Baker
0%
1961 | 1962 Allie Sherman
0%
1980 Al Richardson
0%
2003 Aquan Boldin
0%
1984 Bill Maas
0%
1980 Billy Simms
0%
2000 | 2005 Brain Urlacher
0%
2009 Brian Cushing
0%
1970 Bruce Taylor
0%
1960 Buck Shaw
0%
1980 Buddy Curry
0%
1982 Chip Banks
0%
1968 Claude Humphrey
0%
1995 Curtin Martin
0%
1992 Dale Carter
0%
2001 Dick Jauron
0%
1996 Dom Capers
0%
1974 Don Coryell
0%
1985 Duane Bickett
0%
1990 Emmit Smith
0%
1978 | 1979 | 1980 Eric Campbell
0%
1988 Erik McMillan
0%
1967 | 1971 George Allen
0%
1957 George Wilson
0%
1995 Hugh Douglas
0%
1971 Isiah Robertson
0%
1979 Jack Pardee
0%
1978 Jack Patera
0%
2008 James Harisson
0%
1999 Jevon Kearse
0%
1997 Jim Fassel
0%
1987 Jim Mora
0%
1971 John Brockington
0%
2004 Jonathan Vilma
0%
2001 Kendrell Bell
0%
1967 Lem Barney
0%
1989 Lindy Infante
0%
1990 Mark Carrier
0%
1991 Mike Croel
0%
2000 Nick Haslett
0%
1997 Peter Boulware
0%
1995 Ray Rhodes
0%
1977 Red Miller
0%
1975 Robert Brazile
0%
1987 Shane Conlan
0%
2005 Shawne Merriman
0%
2013 Sheldon Richardson
0%
1975 Ted Marchibroda
0%
1978 Terry Bradshw
0%
1994 Tim Bowens
0%
1987 Troy Stradford
0%
1983 Vernon Maxwell
0%
1973 Wally Chambers
0%
1991 Wayne Fontes
0%
1972 Willie Buchanon
0%
No matching quizzes found
Score Distribution
Percent of People with Each Score
Percentile by Number Answered
Your Score History
You have not taken this quiz since the last reset